Central Library OPAC University of Rajshahi

মধ্যযুগের ধর্মভাবনা ও বাংলা সাহিত্য / (Record no. 74042)

MARC details
000 -LEADER
fixed length control field 00915nam a2200229 a 4500
001 - CONTROL NUMBER
control field 74042
003 - CONTROL NUMBER IDENTIFIER
rucl marc code BD-RjUL
005 - DATE AND TIME OF LATEST TRANSACTION
control field 20211209082500.0
008 - FIXED-LENGTH DATA ELEMENTS--GENERAL INFORMATION
fixed length control field 180131s1998 ii ||||| |||| 00| 0 ben d
035 ## - SYSTEM CONTROL NUMBER
System control number (BD-RjUL)74260
040 ## - CATALOGING SOURCE
Original cataloging agency BD-RjUL
Language of cataloging eng
Transcribing agency BD-RjUL
Modifying agency BD-RjUL
041 ## - LANGUAGE CODE
Language code of text/sound track or separate title ben
082 ## - DEWEY DECIMAL CLASSIFICATION NUMBER
Edition number 23
Classification number 294.542
Author mark and year GAM 1998
100 1# - MAIN ENTRY--PERSONAL NAME
Personal name গঙ্গোপাধ্যায়, শম্ভুনাথ
9 (RLIN) 220041
245 1# - TITLE STATEMENT
Title মধ্যযুগের ধর্মভাবনা ও বাংলা সাহিত্য /
Statement of responsibility, etc. ড. শম্ভুনাথ গঙ্গোপাধ্যায়
250 ## - EDITION STATEMENT
Edition statement ২য় সং.
260 ## - PUBLICATION, DISTRIBUTION, ETC. (IMPRINT)
Place of publication, distribution, etc. কলিকাতা :
Name of publisher, distributor, etc. পুস্তক বিপণি,
Date of publication, distribution, etc. ১৯৯৮
300 ## - PHYSICAL DESCRIPTION
Pagination ১৬০ পৃ. ;
Size ২২ সেমি.
650 ## - SUBJECT ADDED ENTRY--TOPICAL TERM
Topical term or geographic name as entry element বাংলা (ভারত)
General subdivision ধর্ম
9 (RLIN) 220042
Topical term or geographic name as entry element Bengal (India)
General subdivision Religion
9 (RLIN) 220043
942 ## - ADDED ENTRY ELEMENTS (KOHA)
Source of classification or shelving scheme Dewey Decimal Classification
Koha item type Books
Holdings
Lost status Source of classification or shelving scheme Damaged status Not for loan Collection code Permanent Location Current Location Shelving location Date acquired Total Checkouts Full call number Date last seen Copy number Koha item type
  Dewey Decimal Classification   Not For Loan Non-fiction Central Library, University of Rajshahi Central Library, University of Rajshahi Reading Room 31/01/2018   B 294.542 GAM 1998 31/01/2018 C-1 Books